| 000 | 00493cam a22001331 4500 | ||
|---|---|---|---|
| 082 |
_a335.009242 _bMAU |
||
| 100 | 1 |
_aMaurice, Frederick, _949327 |
|
| 245 | 1 | 0 |
_aHaldane, _bthe life of Viscount Haldane of Cloan, K.T., O.M., _cby Major-General Sir Frederick Maurice. |
| 260 |
_aLondon, _bFaber and Faber _c[1937-1939] |
||
| 300 |
_a2 v. _bfronts, illus., map, pl., ports. _c24 cm. |
||
| 505 | 0 | _av. 1. 1856-1915 -- v. 2. 1915-1928. | |
| 526 |
_a0 _b0 _c0 _d335_009242000000000_MAU |
||
| 942 |
_2ddc _cBK |
||
| 999 |
_c552107 _d552107 |
||